| 000 | 00345nam a22001337a 4500 | ||
|---|---|---|---|
| 008 | 250325b |||||||| |||| 00| 0 eng d | ||
| 020 | _a071316557X | ||
| 050 |
_aPR116 _b.A44 |
||
| 100 | _aALEXANDER Flora | ||
| 245 | _aContemporary Woman Novelist | ||
| 260 |
_aNew York _bA Division of Hodder and Stoughton _c1989 |
||
| 300 | _a111p. | ||
| 942 | _cBK | ||
| 999 |
_c2699 _d2699 |
||